Statistics for Number Pyramid Puzzle - Addition #2

Click here to take the quiz!

General Stats

  • This quiz has been taken 165 times
  • The average score is 14 of 15

Answer Stats

BrickAnswer% Correct
1A12
100%
1B14
100%
1C17
100%
1D19
100%
1E9
100%
2A26
98%
2D28
98%
2B31
98%
2C36
97%
3A57
95%
3B67
93%
3C64
91%
4A124
87%
4B131
85%
5255
78%

Score Distribution

Percentile by Number Answered

Percent of People with Each Score

Your Score History

You have not taken this quiz